000 00602nam a2200229Ia 4500
003 OSt
005 20221007064955.0
006 a|||||r|||| 00| 0
007 ta
008 221006b |||||||| |||| 00| 0 eng d
024 _a17,088
037 _cTextual
040 _aFLL
_cFLL
_beng
041 _2eng
_aeng
082 _aXM25:Z236, J8
100 _aMadan G.R.
245 0 _aCo-operative movement in the Punjab (India)
260 _aDelhi
_bS. Chand & Co. India
_c1958
300 _a256p
_ccm.
942 _hXM25:Z236, J8
_cTEXL
_2CC
999 _c1135926
_d1135926